Statistics for Matchup - Hardest Capitals to Countries

Click here to take the quiz!

General Stats

  • This quiz has been taken 83 times
  • The average score is 16 of 20

Answer Stats

Capital Country % Correct
MauritaniaNouakchottMauritania
85%
TongaNuku’alofaTonga
84%
SwazilandMbabaneSwaziland
84%
MalawiLilongweMalawi
82%
Ivory CoastYamoussoukroIvory Coast
82%
NigerNiameyNiger
81%
PalauNgerulmudPalau
79%
GuineaConakryGuinea
79%
NauruYarenNauru
77%
LesothoMaseruLesotho
77%
ComorosMoroniComoros
76%
St. Kitts & NevisBasseterreSt. Kitts and Nevis
76%
Central African Rep.BanguiCentral African Rep.
76%
GambiaBanjulGambia
76%
MicronesiaPalikir Micronesia
76%
KiribatiSouth TarawaKiribati
76%
TuvaluFunafutiTuvalu
74%
Equatorial GuineaMalaboEquatorial Guinea
74%
Solomon IslandsHoniaraSolomon Islands
73%
Marshall IslandsMajuroMarshall Islands
66%

Score Distribution

Percentile by Number Answered

Percent of People with Each Score

Your Score History

You have not taken this quiz